00804nam a2200229 a 450000100100000000500170001000800410002702000180006804000250008608200160011110000290012724500510015626000360020730000310024349000250027450000560029950000210035550400370037683000330041395201130044699900150055900000461620200929151454.0090724s2007 ko c 000 0 eng d a9781565912458 aDO-SdBNPbengcBNPHU axxxxbS525s1 aShaffer, David E.91346210aSeasonal customs of Korea /cDavid E. Shaffer. aSeúl, Korea :bHollym,c2007. a207 p. :bretrs. ;c25 cm.1 aKorean culturevv. 7 aIncluye datos biográficos del autor en el chaleco aIncluye índice aIncluye bibliografías (p. 195) 0aKorean culturenno. 7913463 001050718MOaGRbGRcCTd2009-07-24iLF1l0oxxxx S525sp4616-10r2020-06-25w2020-06-25y1ZNo se presta c4424d4424